| 000 | 00537nam a2200193Ia 4500 | ||
|---|---|---|---|
| 005 | 20250923144905.0 | ||
| 008 | 008 250917s9999 xx 000 0 eng d | ||
| 037 | _aTextual | ||
| 040 |
_aDSWL _beng _cDSWL |
||
| 041 |
_aeng _2eng |
||
| 084 |
_aYX,4.6, K3 _qDSWL |
||
| 100 |
_aFink, A.E. _9829485 |
||
| 245 | 4 |
_aThe field of social work _cby A.E. Fink |
|
| 260 |
_aNew York _bHolt, Rinehart and _c1963 |
||
| 300 | _axv,560p. | ||
| 700 |
_a E.E. Wilson _9829486 |
||
| 942 |
_cTEXL _hYX,4.6, K3 |
||
| 999 |
_c1444637 _d1444637 |
||